Manfred Mann's Earth Band - Blinded by the Light Lyrics - Statistics

General Stats
  • This quiz has been taken 29 times
  • The average score is 26 of 52
Answer Stats
Lyrics Lyrics % Correct
Intro Another runner in the {night}
100%
Intro Blinded by the {light}
100%
Chorus2 She's gonna make it through the {night}
100%
Chorus2 She's gonna make it to the {night}
100%
Intro Revved up like a {deuce}
76%
Verse 1 With a boulder on my {shoulder}
76%
Verse 1 With a teenage {diplomat}
76%
Verse 2 Asked me if I needed a {ride}
72%
Verse 1 Indians in the {summer}
72%
Verse 1 Feeling kinda {older}
68%
Verse 2 Told me I got what it {takes}
68%
Verse 1 I tripped the {merry}-{go}-{round}
64%
Verse 1 The calliope crashed to the {ground}
64%
Verse 2 To see if it was safe {outside}
64%
Verse 2 With her manager {mister}
64%
Verse 2 And go-kart {Mozart}
60%
Verse 2 Some silicone {sister}
60%
Bridge But mama, that's where the {fun} {is}
56%
Verse 1 In the dumps with the {mumps}
56%
Bridge Into the eyes of the {sun}
56%
Bridge Mama always told me not to {look}
56%
Verse 1 Sneezing and {wheezing}
56%
Verse 3 Hit it in its funny {bone}
52%
Verse 3 That's where they expect it {least}"
52%
Verse 2 To something {strong}
52%
Verse 4 To something {strong}"
52%
Verse 1 Madman drummers {bummers}
48%
Verse 2 Play the song with the funky {break}"
48%
Verse 2 Was checking out the weather {chart}
48%
Verse 2 Came by in his curly {wurly}, and
44%
Verse 3 Preacher from the {east}
44%
Verse 3 Anticyclone rolling {stone}
40%
Verse 1 As the adolescent {pumps}
40%
Verse 3 Reminding him of {romance}
36%
Verse 3 Some brimstone {baritone}
36%
Verse 3 Watching the young girls {dance}
36%
Verse 1 His way into his {hat}
32%
Verse 1 With this very {unpleasing}
32%
Verse 4 And some bloodshot {forget}-{me}-{not}
28%
Verse 4 And throws his lover in the {sand}
28%
Verse 2 She said "I'll turn you on {sonny}
28%
Verse 3 Was messing with his frozen {zone}
28%
Verse 2 And little Early {Pearly}
24%
Verse 3 And some new mown {chaperone}
24%
Verse 4 Finally found a tender {spot}
24%
Verse 4 Now Scott with a {slingshot}
24%
Chorus2 She got down but she never got {tight}
24%
Verse 3 Was standing in the {corner}
24%
Verse 4 Said "Daddy's within {earshot}
20%
Verse 3 Says "Dethrone the {Dictaphone}
20%
Verse 4 Take the buckshot, turn up the {band}"
20%
Verse 3 And some fresh sown {moonstone}
12%
No matching quizzes found
Score Distribution
Percent of People with Each Score
Percentile by Number Answered
Your Score History
You have not taken this quiz